01075cam a2200205 a 4500040000800000082002600008100001900034245005500053246003400108260015800142300002900300500037900329650001400708650002200722650002000744700002400764700002100788710004400809710001600853 cDJB a338 BRU 1997 A089 Or.1 aHaan, Cees de,10aLivestock & the environment :bfinding a balance /3 aLivestock and the environment a[Brussels? Belgium] :bEuropean Commission Directorate-General for Development, Development Policy Sustainable Development and Natural Resources,c[1997] a115 p. :bill. ;c30 cm. a"Report of a study sponsored by the Commission of the European Communities, the World Bank and the governments of Denmark, France, Germany, the Netherlands, United Kingdom and United States of America. The study was coordinated by the Food and Agriculture Organization of the United Nations, the United States Agency for International Development and the World Bank"--Cover. 0aLivestock 0aLivestock systems 0aAnimal industry1 aSteinfeld, Henning.1 aBlackburn, H. D.2 aCommission of the European Communities.2 aWorld Bank.